| 000 | nam a22 a 4500 | ||
|---|---|---|---|
| 999 |
_c390053 _d390053 |
||
| 003 | BLK | ||
| 005 | 20201014151816.0 | ||
| 008 | 200310b bul|||||r ||||||| ||bul|| | ||
| 010 | _aKNG00023182RET | ||
| 040 | _aBLK | ||
| 041 |
_aBUL _cBUL |
||
| 080 |
_aАстрономия. Астрофизика. Космология. Геодезия _b52 _z52 |
||
| 100 |
_aФламарион, Камил _eпърви автор _91299 |
||
| 139 | _aФламарион, Камил | ||
| 245 | 1 | 0 |
_aМногочисленност на населените небесни светове _bЕтюд (в когото се излагат условията за обитаемостта на небесните тела от астрон., физиол. и филос. гледни точки) _cКамил Фламарион; Прев. от рус. Л.; Лазаров; подпоручик Лазаров; Камий Фламарион. |
| 257 | _aBGR | ||
| 260 |
_aЯмбол _bГ. Х. _c1897 _fЯмбол : Светлина _9435233 |
||
| 300 |
_aXVII, 332 с., 1 отд. л. _bсх. _c25 см |
||
| 380 | _a5 | ||
| 490 |
_9435080 _aКолекция Редки и ценни издания |
||
| 500 | _aПълното име на прев. подпоручик Лазаров. (Цена в кумул.) : 3.50 лв. | ||
| 653 | 7 |
_aнебесни тела _9191943 |
|
| 700 |
_aЛ. _eпрев. от рус. _91121 |
||
| 700 | 1 |
_aЛазаров _9435234 |
|
| 700 | 1 |
_aЛазаров, подпоручик _9435235 |
|
| 700 | 1 |
_aФламарион, Камий _9435236 |
|
| 852 |
_aРб 897 _bРц |
||
| 856 | 4 |
_qpdf _u |
|
| 942 |
_cKNG _n0 _s1 |
||
| 944 |
_aCR _c2020-10-14 _kРенета Константинова |
||
| 999 | _d360751 | ||